000 00518nam a2200181Ia 4500
005 20250326141649.0
008 250326s9999 xx 000 0 und d
037 _aTextbook
040 _aFMSL
_beng
_cFMSL
041 _aeng
_2eng
084 _aX:9 N0
_qFMSL
100 _aNair Mrr
_9744858
245 0 _aExcellence through human resource development
_cNair Mrr; Rao T V
260 _aNew Delhi
_bNew Delhi, Tata McGraw-Hill
_c1990
300 _a147p
942 _cTB
_hX:9 N0
999 _c1291387
_d1291387